<?xml version="1.0" encoding="UTF-8"?>
<record
    xmlns:xsi="http://www.w3.org/2001/XMLSchema-instance"
    xsi:schemaLocation="http://www.loc.gov/MARC21/slim http://www.loc.gov/standards/marcxml/schema/MARC21slim.xsd"
    xmlns="http://www.loc.gov/MARC21/slim">

  <leader>02077nam a2200457 i 4500</leader>
  <controlfield tag="005">20220317001352.0</controlfield>
  <controlfield tag="007">ta</controlfield>
  <controlfield tag="008">210817s2010    ck a   jr     000 0 spa d</controlfield>
  <datafield tag="020" ind1=" " ind2=" ">
    <subfield code="a">9789589096581</subfield>
  </datafield>
  <datafield tag="020" ind1=" " ind2=" ">
    <subfield code="a">9789584465153 </subfield>
    <subfield code="q">(Obra completa)</subfield>
  </datafield>
  <datafield tag="040" ind1=" " ind2=" ">
    <subfield code="a">CO-BoRNBP</subfield>
    <subfield code="b">spa</subfield>
    <subfield code="c">CO-BoRNBP</subfield>
    <subfield code="e">rda</subfield>
  </datafield>
  <datafield tag="041" ind1="0" ind2=" ">
    <subfield code="a">spa</subfield>
  </datafield>
  <datafield tag="043" ind1=" " ind2=" ">
    <subfield code="a">s-ck---</subfield>
  </datafield>
  <datafield tag="082" ind1="0" ind2="4">
    <subfield code="a">332.49861</subfield>
    <subfield code="b">H27c</subfield>
    <subfield code="2">23</subfield>
  </datafield>
  <datafield tag="100" ind1="1" ind2=" ">
    <subfield code="a">Hern&#xE1;ndez Camacho, Carlos Nicol&#xE1;s</subfield>
    <subfield code="d">1953-</subfield>
    <subfield code="e">autor</subfield>
  </datafield>
  <datafield tag="245" ind1="1" ind2="0">
    <subfield code="a">Colombia m&#xE1;gica, el libro de los billetes</subfield>
    <subfield code="c">Carlos Nicol&#xE1;s Hern&#xE1;ndez Camacho ... [y otros seis]</subfield>
  </datafield>
  <datafield tag="250" ind1=" " ind2=" ">
    <subfield code="a">Primera edici&#xF3;n</subfield>
  </datafield>
  <datafield tag="264" ind1=" " ind2="1">
    <subfield code="a">Bogot&#xE1;</subfield>
    <subfield code="b">Carlos Nicol&#xE1;s Hern&#xE1;ndez</subfield>
    <subfield code="c">2010</subfield>
  </datafield>
  <datafield tag="300" ind1=" " ind2=" ">
    <subfield code="a">80 p&#xE1;ginas</subfield>
    <subfield code="b">ilustraciones, fotograf&#xED;as a color</subfield>
    <subfield code="c">32 cm</subfield>
  </datafield>
  <datafield tag="336" ind1=" " ind2=" ">
    <subfield code="a">texto</subfield>
    <subfield code="b">txt</subfield>
    <subfield code="2">rdacontent</subfield>
  </datafield>
  <datafield tag="337" ind1=" " ind2=" ">
    <subfield code="a">sin mediaci&#xF3;n</subfield>
    <subfield code="b">n</subfield>
    <subfield code="2">rdamedia</subfield>
  </datafield>
  <datafield tag="338" ind1=" " ind2=" ">
    <subfield code="a">volumen</subfield>
    <subfield code="b">nc</subfield>
    <subfield code="2">rdacarrier</subfield>
  </datafield>
  <datafield tag="490" ind1=" " ind2=" ">
    <subfield code="a">Biblioteca colombiana ilustrada</subfield>
  </datafield>
  <datafield tag="505" ind1=" " ind2=" ">
    <subfield code="a">Colombia m&#xE1;gica. El libro de los billetes -- Cincuenta mil sue&#xF1;os en papel moneda y mucho m&#xE1;s -- Veinte mil pesos de un viaje lunar -- La costurera prodigiosa o el viaje en busca de la amada -- Historia de un ni&#xF1;o que introduc&#xED;a sus poemas en pompas de jab&#xF3;n</subfield>
  </datafield>
  <datafield tag="521" ind1=" " ind2=" ">
    <subfield code="a">Recomendado para un p&#xFA;blico mayor de 12 a&#xF1;os</subfield>
  </datafield>
  <datafield tag="650" ind1="1" ind2="7">
    <subfield code="a">Billetes de banco</subfield>
    <subfield code="x">Historia </subfield>
    <subfield code="z">Colombia </subfield>
    <subfield code="2">ARMARC</subfield>
  </datafield>
  <datafield tag="650" ind1="1" ind2="7">
    <subfield code="a">Billetes de banco</subfield>
    <subfield code="x">Aspectos socioecon&#xF3;micos  </subfield>
    <subfield code="2">ARMARC</subfield>
  </datafield>
  <datafield tag="650" ind1="1" ind2="7">
    <subfield code="a">Numism&#xE1;tica</subfield>
    <subfield code="2">ARMARC</subfield>
  </datafield>
  <datafield tag="700" ind1="1" ind2=" ">
    <subfield code="a">Mayorga Rodr&#xED;guez, Carolina </subfield>
    <subfield code="d">autora</subfield>
    <subfield code="9">181875</subfield>
  </datafield>
  <datafield tag="700" ind1="1" ind2=" ">
    <subfield code="a">Ni&#xF1;o, Jairo An&#xED;bal</subfield>
    <subfield code="d">1941-2010 </subfield>
    <subfield code="e">autor</subfield>
    <subfield code="9">8308</subfield>
  </datafield>
  <datafield tag="700" ind1="1" ind2=" ">
    <subfield code="a">Rom&#xE1;n, Celso</subfield>
    <subfield code="d">1947-</subfield>
    <subfield code="e">autor</subfield>
    <subfield code="9">5397</subfield>
  </datafield>
  <datafield tag="700" ind1="1" ind2=" ">
    <subfield code="a">P&#xE9;rez, Miguel &#xC1;ngel</subfield>
    <subfield code="e">autor</subfield>
    <subfield code="9">181879</subfield>
  </datafield>
  <datafield tag="700" ind1="1" ind2=" ">
    <subfield code="a">Pinilla, Augusto</subfield>
    <subfield code="e">autor</subfield>
    <subfield code="9">181880</subfield>
  </datafield>
  <datafield tag="700" ind1="1" ind2=" ">
    <subfield code="a">T&#xE9;llez, Hernando</subfield>
    <subfield code="d">1908-166</subfield>
    <subfield code="e">autor</subfield>
    <subfield code="9">181881</subfield>
  </datafield>
  <datafield tag="740" ind1=" " ind2=" ">
    <subfield code="a">Colombia m&#xE1;gica. El libro de los billetes</subfield>
  </datafield>
  <datafield tag="740" ind1=" " ind2=" ">
    <subfield code="a">Cincuenta mil sue&#xF1;os en papel moneda y mucho m&#xE1;s</subfield>
  </datafield>
  <datafield tag="740" ind1=" " ind2=" ">
    <subfield code="a">Veinte mil pesos de un viaje lunar</subfield>
  </datafield>
  <datafield tag="740" ind1=" " ind2=" ">
    <subfield code="a">La costurera prodigiosa o el viaje en busca de la amada</subfield>
  </datafield>
  <datafield tag="740" ind1=" " ind2=" ">
    <subfield code="a">Historia de un ni&#xF1;o que introduc&#xED;a sus poemas en pompas de jab&#xF3;n </subfield>
  </datafield>
  <datafield tag="942" ind1=" " ind2=" ">
    <subfield code="2">ddc</subfield>
    <subfield code="c">BK</subfield>
  </datafield>
  <datafield tag="999" ind1=" " ind2=" ">
    <subfield code="c">6757</subfield>
    <subfield code="d">6757</subfield>
  </datafield>
</record>
